00450 a2200157 450000500170000001000130001702000260003003500130005603700090006908200060007810000140008424500500009826000460014827000760019430000220027020240521151157.0 aB-759145 a9789354717680c350.00 aB-759145 bGift aS aR.K SINGH aYoung Ram and The Tower Of Raavan/cR.K Singh aGurgaonbScholastic India Pvt. Ltd.c2023 aA-27, Ground Floor, Sigma Centre Infocity-1 Sector-34 bGurgaone122001 a138 p.c19 cm(Pb)